00763nam a2200265Ia 4500008004000000020001500040041000800055082001600063100002200079245005000101250000500151260004100156300001300197650001300210650000800223650001900231650000700250650000700257650001400264650000600278690001700284906001100301999001900312952016600331210210b2010 xxu||||| |||| 00| 0 eng d a8121915082 aeng a615.19 GHOT aGHOSH (Jayashree) aTextbook of pharmaceutical chemistry Rev Ed 3 a aNew DelhibS. Chand & Co. Ltd.c2010 aviii,360 aTextbook aRev apharmaceutical aof aEd achemistry a3 aPharmacology a064463 c141117d141117 001040708ChemistryaALbALcMedical Scienced2021-02-17eS Chand & Company Ltd, Bangaloreg175.00l0o615.19 GHOTp064463r2021-02-17 00:00:00w2021-02-17yBK